000 00623nam a2200241Ia 4500
008 170203s9999 xx 000 0 und d
020 _a9789812744876
050 _aFic
050 _bA374s
100 _aAlexander, Adrian.
245 _aShaping up /
245 _cwritten and illustrated by Adrian Alexander.
260 _aSingapore :
260 _bTeachers@work,
300 _a24 pages :
300 _bcolor illustrations ;
300 _c21 cm.
440 _aShapeys mathematics readers,
440 _vlevel 2, bk. B.
650 _aShapes --
650 _aShapes.
650 _xJuvenile literature.
999 _c306366
_d306366